Nghiên cứu cấu trúc và sự tương tác của Oxaliplatin với Guanine và Adenine bằng lý thuyết phiếm hàm mật độ : Báo cáo tổng kết đề tài Khoa học và Công nghệ cấp trường
Khảo sát bản chất của sự tương tác, bao gồm các điểm liên kết, năng lượng liên kết và cơ chế liên kết giữa Pt oxaliplatin với các thành phần tạo nên DNA, cụ thể là các base purine guanine và adenine.
Spremljeno u:
| Glavni autor: | |
|---|---|
| Format: | Knjiga |
| Jezik: | Undetermined |
| Izdano: |
Cần Thơ
Trường Đại học Cần Thơ
2016
|
| Teme: | |
| Oznake: |
Dodaj oznaku
Bez oznaka, Budi prvi tko označuje ovaj zapis!
|
| Thư viện lưu trữ: | Trung tâm Học liệu Trường Đại học Cần Thơ |
|---|
| LEADER | 01147nam a2200217Ia 4500 | ||
|---|---|---|---|
| 001 | CTU_230054 | ||
| 008 | 210402s9999 xx 000 0 und d | ||
| 082 | |a 541.3 | ||
| 082 | |b Nh124 | ||
| 088 | |a TCN2016-37 | ||
| 100 | |a Phạm, Vũ Nhật | ||
| 245 | 0 | |a Nghiên cứu cấu trúc và sự tương tác của Oxaliplatin với Guanine và Adenine bằng lý thuyết phiếm hàm mật độ : | |
| 245 | 0 | |b Báo cáo tổng kết đề tài Khoa học và Công nghệ cấp trường | |
| 245 | 0 | |c Phạm Vũ Nhật (Chủ nhiệm đề tài) | |
| 260 | |a Cần Thơ | ||
| 260 | |b Trường Đại học Cần Thơ | ||
| 260 | |c 2016 | ||
| 520 | |a Khảo sát bản chất của sự tương tác, bao gồm các điểm liên kết, năng lượng liên kết và cơ chế liên kết giữa Pt oxaliplatin với các thành phần tạo nên DNA, cụ thể là các base purine guanine và adenine. | ||
| 650 | |a Hóa lý,Physical chemistry | ||
| 910 | |b nthai | ||
| 980 | |a Trung tâm Học liệu Trường Đại học Cần Thơ | ||